000
00300nam a2200121Ia 4500
008
190216s9999||||xx |||||||||||||| ||und||
100
_a
Jain D K
245
0
_a
Project Planning And Apprical In Planned Economy
260
_b
Uppal Pub House
_c
1981
300
_a
203p
650
_a
Economics
942
_c
BK
999
_c
9555
_d
9555